000 00467nam a2200217Ia 4500
003 IT-RoPAU
008 120407s9999 xx 000 0 und d
040 _aIT-RoPAU
040 _cIT-RoPAU
041 _aita
100 _aTullo Goffi
245 _aCarità, esperienza di spirito.
260 _aEdizioni Paoline
260 _c1978
300 _a202 p.
300 _c19 cm
490 _aTeol. morale oggi, 22
490 _v1
942 _cBK
999 _c28434
_d28434